书目信息 |
| 题名: |
中国历史上的逻辑家
|
|
| 作者: | 周云之 编著 | |
| 分册: | ||
| 出版信息: | 北京 人民出版社 1982 |
|
| 页数: | 190页 | |
| 开本: | 19cm | |
| 丛书名: | ||
| 单 册: | ||
| 中图分类: | B81-092 | |
| 科图分类: | ||
| 主题词: | 逻辑--历史--中国 | |
| 电子资源: | ||
| ISBN: | ||
| 000 | 00637nam0 2200229 45 | |
| 001 | 0182006277 | |
| 005 | 20060725080700.00 | |
| 010 | @dCNY0.50 | |
| 091 | @a2001.213 | |
| 100 | @a19950613d1982 em y0chiy0121 ea | |
| 101 | 0 | @achi |
| 102 | @aCN@b110000 | |
| 105 | @ay z 000yc | |
| 200 | 10 | @a中国历史上的逻辑家@Azhong guo li shi shang de luo ji jia@f周云之编著@FZhou Yun Zhi Bian Zhu |
| 210 | @a北京@c人民出版社@d1982 | |
| 215 | @a190页@d19cm | |
| 606 | @a逻辑@x历史@y中国 | |
| 690 | @aB81-092@v3 | |
| 701 | 0 | @a周云之@4编著 |
| 801 | 2 | @aCN@bNLC@c20060725 |
| 801 | 0 | @aCN@b上海图书馆@c20050530 |
| 905 | @f1@b171883@dB81-092@e110 | |
| 中国历史上的逻辑家/周云之编著.-北京:人民出版社,1982 |
| 190页;19cm |
| ISBN :CNY0.50 |
| ● |
| 相关链接 |
|
|
|
|
正题名:中国历史上的逻辑家
索取号:B81-092/110
 
预约/预借
| 序号 | 登录号 | 条形码 | 馆藏地/架位号 | 状态 | 备注 |
| 1 | 0171881 | 000958208 | 密集书库/ [索取号:B81-092/110] | 在馆 | |
| 2 | 0171882 | 000515525 | 第一借阅区/ [索取号:B81-092/110] | 在馆 | |
| 3 | 0171883 | 000514571 | 第一样本阅览室/ [索取号:B81-092/110] | 在馆 | |
| 4 | 0426002 | 204260021 | 密集书库/ [索取号:B81-092/110] | 在馆 |